[Event "6th North Sea Cup"]
[Site "Esbjerg DEN"]
[Date "1981.07.??"]
[Round "11"]
[White "Keene, Raymond Dennis"]
[Black "Jakobsen, Ole"]
[Result "1-0"]
[WhiteElo "2475"]
[BlackElo "2410"]
[EventDate "1981.07.??"]
[PlyCount "73"]

1.d4 d5 2.c4 e6 3.Nc3 Be7 4.Nf3 Nf6 5.Bf4 O-O 6.e3 b6 7.cxd5 exd5 8.Bd3 
Bb7 9.O-O c5 10.Ne5 Nc6 11.Qf3 cxd4 12.Nxc6 Bxc6 13.exd4 Qd7 14.Rfe1 Rfe8 
15.Be5 b5 16.Bf5 Qb7 17.Re3 b4 18.Ne2 g6 19.Ng3 Nd7 20.Bxd7 Qxd7 21.Nh5 f5
22.Rae1 Rf8 23.Qf4 Rf7 24.Rg3 Re8 25.Ree3 Qe6 26.h4 Bf8 27.Ng7 Bxg7 28.
Bxg7 Qd7 29.Be5 Re6 30.h5 Qe8 31.hxg6 Rxg6 32.Rxg6+ hxg6 33.Rh3 Rh7 34.
Rxh7 Kxh7 35.Qh4+ Kg8 36.Qh8+ Kf7 37.Qf6+ 1-0

[Event "6th North Sea Cup"]
[Site "Esbjerg DEN"]
[Date "1981.07.??"]
[Round "11"]
[White "Mortensen, Erling"]
[Black "Fries-Nielsen, Niels Joergen"]
[Result "1-0"]
[WhiteElo "2395"]
[BlackElo "2345"]
[EventDate "1981.07.??"]
[PlyCount "79"]

1.c4 c5 2.Nf3 Nc6 3.Nc3 g6 4.e3 d6 5.d4 cxd4 6.exd4 Bg7 7.d5 Ne5 8.Nxe5 
Bxe5 9.Be2 Bg7 10.Be3 Nf6 11.O-O O-O 12.Qd2 Re8 13.Rfd1 b6 14.Rac1 Bd7 15.
h3 h5 16.b4 Kh7 17.Nb5 Bxb5 18.cxb5 Rc8 19.Rc6 Qd7 20.Rdc1 Ra8 21.a4 Qf5 
22.Bf3 Nd7 23.Rc7 Bf6 24.Be2 Red8 25.g4 Qe5 26.f4 Qb2 27.Qxb2 Bxb2 28.R1c2
Bf6 29.g5 Bg7 30.Rb7 Rab8 31.Rxa7 Ra8 32.Rxa8 Rxa8 33.Rc7 Nf8 34.a5 bxa5 
35.b6 a4 36.b7 Rb8 37.Ba7 a3 38.Bc4 a2 39.Bxa2 Bd4+ 40.Bxd4 1-0

[Event "6th North Sea Cup"]
[Site "Esbjerg DEN"]
[Date "1981.07.??"]
[Round "11"]
[White "Nicholson, John"]
[Black "Mestel, Andrew Jonathan"]
[Result "0-1"]
[WhiteElo "2335"]
[BlackElo "2475"]
[EventDate "1981.07.??"]
[PlyCount "114"]

1.Nf3 Nf6 2.c4 g6 3.Nc3 Bg7 4.e4 O-O 5.d4 d6 6.Be2 Nbd7 7.O-O e5 8.Be3 c6 
9.h3 exd4 10.Nxd4 Re8 11.Qc2 Nc5 12.Bf3 a5 13.b3 h6 14.Rad1 Qe7 15.Rfe1 
Nh7 16.e5 dxe5 17.Nxc6 bxc6 18.Bxc6 Bf5 19.Qe2 Ne6 20.g4 Qh4 21.gxf5 gxf5 
22.Bxa8 Rxa8 23.Nd5 f4 24.Qg4 Qxg4+ 25.hxg4 fxe3 26.fxe3 Nhg5 27.Rf1 e4 
28.Ne7+ Kf8 29.Nf5 Nf3+ 30.Kg2 Ne5 31.Nd6 Nxg4 32.Rxf7+ Kg8 33.Re1 Rd8 34.
Rxg7+ Kxg7 35.Nxe4 Nf6 36.Nxf6 Rd2+ 37.Kg3 Kxf6 38.Ra1 Rb2 39.Rf1+ Kg5 40.
Ra1 Nc5 41.Kf3 Rd2 42.e4 Rd3+ 43.Ke2 Rh3 44.Rd1 Kf4 45.Rd5 Rh2+ 46.Kf1 
Nxe4 47.Rxa5 Nd2+ 48.Ke1 Ke3 49.Kd1 Ne4 50.Re5 h5 51.a4 h4 52.c5 Kd4 53.
Rh5 Nxc5 54.a5 h3 55.Ke1 Ke3 56.Re5+ Ne4 57.Kd1 Ra2 0-1